Защита интеллектуальной собственности: учебник для бакалавриата и магистратуры

Dades bibliogràfiques
Autor principal: Жарова А. К. Анна Константиновна
Autor corporatiu: Высшая школа экономики (ВШЭ) Национальный исследовательский университет (НИУ)
Altres autors: Мальцева С. В. Светлана Валентиновна (редактор)
Sumari:В учебнике в систематизированном и сжатом виде изложены основы правового регулирования отношений, складывающихся по поводу использования объектов интеллектуальной собственности в сфере информационных технологий и Интернете.Соответствует актуальным требованиям Федерального государственного образовательного стандарта высшего образования.Для студентов уровней профессионального образования бакалавриат и магистра­тура образовательных организаций высшего образования юридического и экономи­ческого профилей, а также аспирантов, преподавателей, практических работников правоохранительных и финансово-кредитных органов.
Idioma:rus
Publicat: Москва, Юрайт, 2016
Edició:3-е изд., перераб. и доп.
Col·lecció:Бакалавр - Магистр
Matèries:
Format: Llibre
KOHA link:https://koha.lib.tpu.ru/cgi-bin/koha/opac-detail.pl?biblionumber=314877

MARC

LEADER 00000nam0a2200000 4500
001 314877
005 20231102002724.0
010 |a 9785991664400 
035 |a (RuTPU)RU\TPU\book\340309 
090 |a 314877 
100 |a 20160219d2016 m y0rusy50 ca 
101 0 |a rus 
102 |a RU 
105 |a y j 001zy 
200 1 |a Защита интеллектуальной собственности  |e учебник для бакалавриата и магистратуры  |f А. К. Жарова  |g Высшая школа экономики (ВШЭ), Национальный исследовательский университет (НИУ) ; под ред. С. В. Мальцевой 
205 |a 3-е изд., перераб. и доп. 
210 |a Москва  |c Юрайт  |d 2016 
215 |a 304 с. 
225 1 |a Бакалавр - Магистр 
320 |a Библиогр.: с. 302-303. 
330 |a В учебнике в систематизированном и сжатом виде изложены основы правового регулирования отношений, складывающихся по поводу использования объектов интеллектуальной собственности в сфере информационных технологий и Интернете.Соответствует актуальным требованиям Федерального государственного образовательного стандарта высшего образования.Для студентов уровней профессионального образования бакалавриат и магистра­тура образовательных организаций высшего образования юридического и экономи­ческого профилей, а также аспирантов, преподавателей, практических работников правоохранительных и финансово-кредитных органов. 
606 1 |a Интеллектуальная собственность  |x Право  |2 stltpush  |3 (RuTPU)RU\TPU\subj\12805  |9 39522 
610 1 |a защита 
610 1 |a права 
610 1 |a интеллектуальная деятельность 
610 1 |a результаты 
610 1 |a охрана 
610 1 |a авторское право 
610 1 |a смежные права 
610 1 |a патентное право 
610 1 |a средства индивидуализации 
610 1 |a товары 
610 1 |a услуги 
610 1 |a ноу-хау 
610 1 |a правовое регулирование 
610 1 |a Интернет 
610 1 |a правовая охрана 
610 1 |a ЭВМ 
610 1 |a противоправные действия 
610 1 |a ответственность 
610 1 |a учебники 
610 1 |a тесты 
686 |a Х623.3я73  |v LBC/SL-A  |2 rubbk 
700 1 |a Жарова  |b А. К.  |g Анна Константиновна 
702 1 |a Мальцева  |b С. В.  |g Светлана Валентиновна  |4 340 
712 0 2 |a Высшая школа экономики (ВШЭ)  |b Национальный исследовательский университет (НИУ)  |c (Москва)  |c (2010- )  |2 stltpush  |3 (RuTPU)RU\TPU\col\17951 
801 1 |a RU  |b 63413507  |c 20160219 
801 2 |a RU  |b 63413507  |c 20160415  |g RCR 
900 |a Защита интеллектуальной собственности и патентоведение 
942 |c BK 
951 |l 8.1  |l 8.3 
959 |a 20/20160212  |d 3  |e 669,00  |f ЧЗГЛ:1  |f УФ:2